| 000 | 00743nam a22002177a 4500 | ||
|---|---|---|---|
| 008 | 081223t xxu||||| |||| 00| 0 eng d | ||
| 010 | _aENG-92290 | ||
| 020 |
_c125.00 _a9788190761659 |
||
| 035 | _aEN-75823 | ||
| 037 | _bDBAD / PUB | ||
| 040 |
_adpl _bEnglish |
||
| 082 | _a535 | ||
| 100 | _aSubhashini Devi, K. | ||
| 245 |
_aOptics interference / _cby K. Subhashini Devi |
||
| 250 | _a2nd ed | ||
| 260 |
_aChennai _bMani Pathippagam _c2008 |
||
| 270 |
_a15, Kosu Mani Street, Choolaimedu _bChennai _e600094 |
||
| 300 |
_a111p. _c22cm (pbk) |
||
| 942 |
_2ddc _cEN _mSUB _h535 |
||
| 999 |
_c20226 _d20226 |
||